Temporal databases : Theory, design, and implementation
This book introduce extensions to the relational data model. Other data models: a temporal model and query language for EER databases, a uniform model for temporal and versioned object-oriented databases...
Enregistré dans:
| Format: | Livre |
|---|---|
| Langue: | Undetermined |
| Publié: |
Redwood City, Calif.
Benjamin/Cummings Pub. Co.
1993
|
| Sujets: | |
| Tags: |
Ajouter un tag
Pas de tags, Soyez le premier à ajouter un tag!
|
| Thư viện lưu trữ: | Trung tâm Học liệu Trường Đại học Cần Thơ |
|---|
| LEADER | 00790nam a2200193Ia 4500 | ||
|---|---|---|---|
| 001 | CTU_232404 | ||
| 008 | 210402s9999 xx 000 0 und d | ||
| 082 | |a 005.75 | ||
| 082 | |b T288 | ||
| 245 | 0 | |a Temporal databases : | |
| 245 | 0 | |b Theory, design, and implementation | |
| 245 | 0 | |c Abdullah Uz Tansel ... [et al.] | |
| 260 | |a Redwood City, Calif. | ||
| 260 | |b Benjamin/Cummings Pub. Co. | ||
| 260 | |c 1993 | ||
| 520 | |a This book introduce extensions to the relational data model. Other data models: a temporal model and query language for EER databases, a uniform model for temporal and versioned object-oriented databases... | ||
| 650 | |a Cơ sở dữ liệu tạm thời,Temporal databases | ||
| 910 | |b dqhieu | ||
| 980 | |a Trung tâm Học liệu Trường Đại học Cần Thơ | ||